Normal view MARC view

Entry Personal Name

Number of records used in: 2

001 - CONTROL NUMBER

  • control field: 74087

003 - CONTROL NUMBER IDENTIFIER

  • control field: dpl

005 - DATE AND TIME OF LATEST TRANSACTION

  • control field: 20241127110731.0

008 - FIXED-LENGTH DATA ELEMENTS

  • fixed length control field: 241127|| aca||aabn | a|a d

040 ## - CATALOGING SOURCE

  • Original cataloging agency: dpl
  • Transcribing agency: dpl

100 ## - HEADING--PERSONAL NAME

  • Personal name: राधेश्याम 'विगत'

670 ## - SOURCE DATA FOUND

  • Source citation: Work cat.: (dpl)207032: राधेश्याम 'विगत', दलितों के मसीहा - डॉ. भीमराव अम्बेडकर /, 2021

© Delhi Public Library
Hit Counter
free hit counter